| 000 | 00832nam a2200181 a 4500 | ||
|---|---|---|---|
| 001 | 000027771 | ||
| 005 | 20200930031101.0 | ||
| 040 |
_aDO-SdBNP _bspa _cBNPHU |
||
| 082 |
_axxxx _bS471 |
||
| 111 | 2 |
_aSeminario-Taller "Farmacéutico y Salud Pública" _n(1er. : _d1990 , dic. 5-7 _cSanto Domingo) _954846 |
|
| 245 | 1 | 0 |
_aMemorias del primer Seminario Nacional "Farmacéutico y Salud" Pública" / _ceditado por Modesta Jorge de Corral , José Antonio Pagés. |
| 260 |
_aSanto Domingo : _bSociedad Dominicana de Farmacéuticos de Hospitales : _bAsociación Farmacéutica Dominicana : _bOrganización Panamericana de la Salud (OPS), _c1991. |
||
| 300 |
_a144 p. ; _c28 cm. |
||
| 700 | 1 |
_aJorge de Corral, Modesta _eed. _954847 |
|
| 700 | 1 |
_aPagés, José Antonio _eed. _954848 |
|
| 108 | _a110404s1991 dr 000 0 spa d | ||
| 049 | _aBNPD | ||
| 999 |
_c27263 _d27263 |
||